Súbeme la radio - Enrique Iglesias - Statistiques

Statistiques générales
  • Ce quiz a été pris 36 fois
  • Le résultat moyen est 263 sur 470
Statistiques - réponses
Réponse % Correct
la
100%
radio
100%
su
100%
súbeme
100%
el
94%
que
94%
a
88%
y
88%
canción
81%
mi
81%
si
75%
va
75%
alcohol
69%
es
69%
esta
69%
me
69%
no
69%
dolor
63%
en
63%
sol
63%
te
63%
tráeme
63%
lo
56%
quita
56%
vamos
56%
juntar
50%
luna
50%
siente
50%
subiendo
50%
ya
50%
de
44%
todo
44%
44%
tu
44%
yo
44%
día
38%
hora
38%
ni
38%
ti
38%
hoy
31%
nada
31%
31%
sin
31%
bajo
25%
bien
25%
del
25%
he
25%
importa
25%
las
25%
le
25%
miento
25%
pasa
25%
perdido
25%
quiero
25%
sabes
25%
vivir
25%
espero
19%
historia
19%
llega
19%
mejor
19%
noche
19%
solo
19%
todavía
19%
tratráeme
19%
aguanto
13%
conmigo
13%
contestas
13%
dejado
13%
hago
13%
intento
13%
lento
13%
más
13%
muriendo
13%
pasado
13%
pienso
13%
puerta
13%
sombras
13%
tiempo
13%
voy
13%
amor
6%
borrar
6%
calor
6%
digo
6%
este
6%
has
6%
juro
6%
loco
6%
noches
6%
nuestra
6%
quedo
6%
romper
6%
sigo
6%
silencio
6%
verdad
6%
verte
6%
aliento
0%
ando
0%
bailamos
0%
bebiendo
0%
busca
0%
cada
0%
cantando
0%
darte
0%
dejes
0%
desesperado
0%
encuentro
0%
esperando
0%
estoy
0%
huyendo
0%
llamas
0%
llena
0%
madrugada
0%
mientras
0%
modo
0%
ningún
0%
ohohoh
0%
pasando
0%
pidiendo
0%
pido
0%
quede
0%
salud
0%
soledad
0%
una
0%
vela
0%
vez
0%
vivo
0%
vuelve
0%
Aucun quiz correspondant
Distribution des résultats
% des personnes avec chaque résultat
Percentile par nombre de réponses
Votre historique - résultats
Vous n’avez pas pris ce quiz